000 00262nam a2200097Ia 4500
001 657878
005 20250826154624.0
008 250824s9999 xx 000 0 und d
245 0 _aİVAN İLYİÇİN ÖLÜMÜ ANTİK
_cTOLSTOY
260 _bANTİK DÜNYA KLASİKLERİ
999 _c657878
_d657878